000
00280nam a2200097Ia 4500
005
20251222114354.0
008
251222s1900||||xx |||||||||||||| ||spa||
082
_a
DVD0124/D73/1998
245
0
_a
Guns N'Roses: welcome to the videos:Armas N'Roses: bienvenidos a los videos
942
_c
DVD
999
_c
1373
_d
1373